00406pab a2200133 454500008004000000100002200040245008100062260000900143300001300152362000800165650002600173700002100199773005200220180718b2000 xxu||||| |||| 00| 0 eng d aChristensen, Mark aA value for money pathway: a two country case study of performance reporting c2000 ap.433-49 aSep aPublic administration aYoshimi, Hiroshi aInternational Review of Administrative Sciences